| 000 | 01772nam0a2200397 4500 | ||
|---|---|---|---|
| 001 | RU\NLR\bibl\1720346 | ||
| 005 | 20260405061348.0 | ||
| 010 |
_a978-5-89791-079-3 _9100 |
||
| 021 |
_aRU _b2010-95989 _96475 |
||
| 035 | _a(nilc)LIBNET\0000088497 | ||
| 035 | _a(NLR Aleph) 001711339 | ||
| 090 |
_a1282135 _c1282135 |
||
| 100 | _a20101202d2010 |||y0rusy50 ca | ||
| 101 | 0 | _arus | |
| 102 | _aRU | ||
| 105 | _ay z ||||| | ||
| 200 | 1 |
_aИнтеллектуалы в сельском хозяйстве России 1930-1980-х гг. _e(новый подход к социальной истории российской деревни) _eмонография _fМ.А. Безнин, Т.М. Димони |
|
| 210 |
_aВологда _cЛегия _d2010 |
||
| 215 |
_a122 с. _cтабл. _d21 |
||
| 320 | _aБиблиогр. в подстроч. примеч. | ||
| 606 | 1 |
_aСельское хозяйство _xКадры _xСоциально-психологические исследования _92610928 _3RU\NLR\auth\661547486 |
|
| 606 | 1 |
_aСельское хозяйство _xКадры _yСССР _91649660 _3RU\NLR\auth\661028602 |
|
| 686 |
_a63.3(2)6-283.2 _vLBC/M _2rubbk |
||
| 686 |
_a65.32-640 _vLBC/M _2rubbk |
||
| 686 | _aУ32(2)-640 | ||
| 686 | _aС550.321.2 | ||
| 686 | _aС550.663 | ||
| 700 | 1 |
_4070 _8rus _7ca _aБезнин _bМ.А. _f1954- _gМихаил Алексеевич _3RU\NLR\auth\7720398 _93466 |
|
| 701 | 1 |
_4070 _8rus _7ca _aДимони _bТ.М. _gТатьяна Михайловна _3RU\NLR\auth\7719940 _93009 |
|
| 801 | 0 |
_aRU _bВологодская ОУНБ _c20101202 _grcr |
|
| 801 | 1 |
_aRU _bВологодская ОУНБ _c20101202 |
|
| 801 | 2 |
_aRU _bNLR _c20110111 _grcr |
|
| 942 | _cBOOK | ||
| 980 | _aNB | ||
| 980 | _aNBR | ||